000 00339nam a2200157Ia 4500
008 210210b1949 xxu||||| |||| 00| 0 eng d
041 _aeng
082 _a881/13
100 _aBHARTRIHARI
245 _aNiti sataka
260 _aBombay
_b-
_c1949
650 _asataka
650 _aNiti
690 _aSanskrit Poetry
906 _a024185
999 _c149532
_d149532